| 000 | 00538nam a22002057a 4500 | ||
|---|---|---|---|
| 003 | OSt | ||
| 005 | 20140310182827.0 | ||
| 008 | 130529t xxu||||| |||| 00| 0 eng d | ||
| 020 | _a0316259926 | ||
| 050 |
_aCC 75 _b.W582 1980 |
||
| 082 |
_aM 291.178348 _bW 1980 |
||
| 245 |
_aIn the beginning : _ban introduction to archaeology / |
||
| 260 |
_aBoston : _bInspiration Books, _cc1980 |
||
| 300 |
_a87 p. : _c23 cm. |
||
| 521 | _acollege students | ||
| 526 | _c1210L-1700L | ||
| 541 | _j1 | ||
| 562 | _e1 | ||
| 942 |
_2lcc _cBK _kM |
||
| 999 |
_c16534 _d16534 |
||